Escuelas y aulas hospitalarias

Saved in:
Bibliografiske detaljer
Institution som forfatter: Ministerio de Educación (Author)
Format: Bog
Sprog:spansk
Udgivet: Santiago Ministerio de Educación 2003
Udgivelse:1a. ed
Serier:Programa de Educación Especial
Fag:
Tags: Tilføj Tag
Ingen Tags, Vær først til at tagge denne postø!

MARC

LEADER 00000nam a2200000 a 4500
001 UCK2451
003 CL-VaPUC
008 050113e20031100CL |||||||||||||||||spa|d
082 0 4 |a 371.9  |b MIN  |2 21 
110 2 |a Ministerio de Educación  |e author  |9 490289 
245 1 0 |a Escuelas y aulas hospitalarias 
250 |a 1a. ed 
300 |a 31 p 
942 |c BK 
945 |d 20050113 00:00:00  |a vberengu 
260 |a Santiago  |b Ministerio de Educación  |c 2003 
650 0 |a Educación especial  |9 307486 
650 0 |a Integración escolar  |9 312238 
650 0 |a Hospitales   |9 335788 
583 |a last modification  |c 20160912 01:34:51  |k Rodrigo Vera 
490 0 |a Programa de Educación Especial 
999 |c 311967  |d 311965 
952 |0 0  |1 0  |4 0  |6 371_900000000000000_MIN_2003  |7 0  |8 R  |9 381737  |a BIBEDU  |b BIBEDU  |d 2019-11-21  |i 4093224  |o 371.9 MIN 2003  |p 4093224  |r 2019-11-21  |w 2019-11-21  |y BK_R  |k EDI 
952 |0 0  |1 0  |4 0  |6 371_900000000000000_MIN_2003  |7 0  |8 R  |9 381738  |a BIBEDU  |b BIBEDU  |d 2019-11-21  |i 4093232  |o 371.9 MIN 2003  |p 4093232  |r 2019-11-21  |w 2019-11-21  |y BK_R  |k EDI 
952 |0 0  |1 0  |4 0  |6 371_900000000000000_MIN_2003  |7 0  |8 R  |9 381739  |a BIBEDU  |b BIBEDU  |d 2019-11-21  |i 4717147  |o 371.9 MIN 2003  |p 4717147  |r 2019-11-21  |w 2019-11-21  |y BK_R  |k EBA 
952 |0 0  |1 0  |4 0  |6 371_900000000000000_MIN_2003  |7 0  |8 R  |9 381740  |a BIBEDU  |b BIBEDU  |d 2019-11-21  |i 4717155  |o 371.9 MIN 2003  |p 4717155  |r 2019-11-21  |w 2019-11-21  |y BK_R  |k EBA 
952 |0 0  |1 0  |4 0  |6 371_900000000000000_MIN_2003  |7 0  |8 R  |9 381741  |a BIBEDU  |b BIBEDU  |d 2019-11-21  |i 4717163  |o 371.9 MIN 2003  |p 4717163  |r 2019-11-21  |w 2019-11-21  |y BK_R  |k EBA